000 00971nmm a2200289 a 4500
001 ocm0002147076
003 TR-IsHL
005 20201028184132.0
008 190507s2017 tu tur
007 cr cn
020 _a9789752429222
035 _a2147076
_b(N$T)
050 0 4 _aPR4620.T8
_bS83 2017
090 0 4 _aPR4620.T8
_bS83 2017
100 1 _aDoyle, Sir Arthur Conan
245 1 0 _aSherlock Holmes: suçlularla randevu
_h[electronic resource] /
_cSir Arthur Conan Doyle ; çeviri Hakan Yüksel
250 _a1. Baskı
260 _aİstanbul :
_bGirdap Kitap,
_c2017
300 _a306 p.
650 4 _aDil ve Edebiyat
650 4 _aLanguage and Literature
650 0 _aİngiliz romanı
650 0 _aEnglish fiction
650 7 _aLITERARY COLLECTIONS / European / English, Irish, Scottish, Welsh
_2bisacsh
700 1 _aYüksel, Hakan
856 4 0 _uhttp://search.ebscohost.com/login.aspx?direct=true&scope=site&db=e011xww&AN=2147076
999 _c20862
_d20862